Субмарины уходят в вечность: [роман]

Bibliographic Details
Main Author: Сушинский Б. И. Богдан Иванович
Summary:Новый военно-приключенческий роман-версия «Субмарины уходят в вечность» известного писателя, лауреата Международной литературной премии имени Александра Дюма (1993) Богдана Сушинского посвящен событиям 1944—1945 годов. Роман является логическим продолжением романа «Антарктида: Четвертый рейх». В основу сюжета положены исторические факты, связанные с версией о формировании специального подводного флота — «Фюрерконвоя», таинственно исчезнувшего в конце войны. Вместе с ним исчезли несколько десятков ведущих ученых и инженеров, создававших «оружие возмездия».
Language:Russian
Published: Москва, Вече, 2008
Series:Секретный фарватер
Subjects:
Format: Book
KOHA link:https://koha.lib.tpu.ru/cgi-bin/koha/opac-detail.pl?biblionumber=91329

MARC

LEADER 00000nam0a2200000 4500
001 91329
005 20231031104010.0
010 |a 9785953327190 
035 |a (RuTPU)RU\TPU\book\97915 
090 |a 91329 
100 |a 20060222d2008 m y0rusy50 ca 
101 0 |a rus 
102 |a RU 
105 |a y z 000ay 
200 1 |a Субмарины уходят в вечность  |e [роман]  |f Б. И. Сушинский 
210 |a Москва  |c Вече  |d 2008 
215 |a 458 с. 
225 1 |a Секретный фарватер 
330 |a Новый военно-приключенческий роман-версия «Субмарины уходят в вечность» известного писателя, лауреата Международной литературной премии имени Александра Дюма (1993) Богдана Сушинского посвящен событиям 1944—1945 годов. Роман является логическим продолжением романа «Антарктида: Четвертый рейх». В основу сюжета положены исторические факты, связанные с версией о формировании специального подводного флота — «Фюрерконвоя», таинственно исчезнувшего в конце войны. Вместе с ним исчезли несколько десятков ведущих ученых и инженеров, создававших «оружие возмездия». 
610 1 |a русская литература 
610 1 |a романы 
610 1 |a приключения 
610 1 |a исторические романы 
610 1 |a военные приключения 
675 |a Р2  |v 3 
700 1 |a Сушинский  |b Б. И.  |g Богдан Иванович 
801 1 |a RU  |b 63413507  |c 20060222  |g PSBO 
801 2 |a RU  |b 63413507  |c 20080605  |g PSBO 
942 |c BK